المسؤولية القانونية للبنوك في عقد القرض المشترك / (Record no. 60569)
[ view plain ]
| 000 -LEADER | |
|---|---|
| fixed length control field | 04507nam a2200409 i 4500 |
| 003 - CONTROL NUMBER IDENTIFIER | |
| control field | EG-GICUC |
| 005 - أخر تعامل مع التسجيلة | |
| control field | 20260203134035.0 |
| 008 - FIXED-LENGTH DATA ELEMENTS--GENERAL INFORMATION | |
| fixed length control field | 260203s2025 ua |||f m||| 00| 0 ara d |
| 040 ## - CATALOGING SOURCE | |
| Original cataloguing agency | EG-GICUC |
| Transcribing agency | EG-GICUC |
| Modifying agency | EG-GICUC |
| Description conventions | rda |
| Language of cataloging: | ara |
| 041 0# - LANGUAGE CODE | |
| Language code of text/sound track or separate title | ara |
| 049 ## - Acquisition Source | |
| Acquisition Source | إهداء |
| 082 04 - DEWEY DECIMAL CLASSIFICATION NUMBER | |
| Classification number | 347.6062 |
| Edition number | 21 |
| 097 ## - Degree | |
| Degree | Ph.D |
| 099 ## - LOCAL FREE-TEXT CALL NUMBER (OCLC) | |
| Local Call Number | Law 05 PHD 2025 |
| 100 0# - MAIN ENTRY--PERSONAL NAME | |
| Authority record control number or standard number | أحمد السيد الحديدي |
| Preparation | مؤلف. |
| 245 10 - TITLE STATEMENT | |
| Title | المسؤولية القانونية للبنوك في عقد القرض المشترك / |
| Statement of responsibility, etc. | إعداد أحمد السيد الحديدي؛ إشراف الأستاذ الدكتور خليل فيكتور تادرس. |
| 264 #0 - PRODUCTION, PUBLICATION, DISTRIBUTION, MANUFACTURE, AND COPYRIGHT NOTICE | |
| Place of production, publication, distribution, manufacture | القاهرة: |
| Name of producer, publisher, distributor, manufacturer | كلية الحقوق- جامعة القاهرة، |
| Date of production, publication, distribution, manufacture, or copyright notice | 2025. |
| 300 ## - PHYSICAL DESCRIPTION | |
| Extent | 443 صفحة؛ |
| Dimensions | 25 سم. |
| 336 ## - CONTENT TYPE | |
| Content type term | text |
| Source | rda content |
| 337 ## - MEDIA TYPE | |
| Media type term | Computer |
| Source | rda media |
| 338 ## - CARRIER TYPE | |
| Carrier type term | Online Resource |
| Source | rda carrier |
| 500 ## - General note | |
| General note | رسائل نسخة منفردة |
| 502 ## - DISSERTATION NOTE | |
| Dissertation note | أطروحة (دكتوراة)- جامعة القاهرة، كلية الحقوق، قسم القانون التجاري، 2025. |
| 504 ## - BIBLIOGRAPHY, ETC. NOTE | |
| Bibliography, etc. note | ببليوجرافيا: صفحات 284-300 |
| 520 3# - SUMMARY, ETC. | |
| Summary, etc. | إن القرض المشترك هو قرض تقدمه مجموعة من المقرضين ويتم تنظيمه وترتيبه وإدارته بواسطة مصرف أو عدة مصارف تجارية أو مصارف استثمارية تعرف باسم المنظمين الرائدين.<br/><br/>ويمثل عقد القرض المشترك أحد أهم الآليات التمويلية المعاصرة، التي تلجأ إليها الشركات الكبرى والحكومات لتمويل المشاريع الضخمة التي تفوق القدرة الإقراضية لبنك واحد، ويقوم هذا العقد على تحالف بين مجموعة من البنوك الدائنة، يمثلها غالباً البنك الوكيل أو المنظم، وبين المقترض ، وقد أدى التوسع الهائل في استخدام هذه العقود في الأسواق المالية العالمية والإقليمية إلى ظهور تحديات قانونية جديدة، لا سيما فيما يتعلق بتحديد وتقسيم المسؤولية القانونية بين البنوك الأعضاء<br/><br/>وعلى الصعيد العالمي، هناك أنواع ثلاثة من ضمانات السندات للقروض المشتركة: صفقة الاكتتاب، والقرض المشترك لأفضل الجهود المبذولة، وصفقة النادي. يتكون سوق القروض المشتركة ذات الرفع الأوروبي بشكل شبه حصري من صفقات الاكتتاب، في حين أن سوق الولايات المتحدة يتكون في معظمه من قروض أفضل الجهود.<br/><br/>وعليه، فإن عملية الإقراض المشترك تتضمن ثلاثة أطراف رئيسية، وهي المنظم، الوكيل، والوصي، تعتمد هذه الأطراف على مفهومين قانونيين أساسيين للتغلب على تحديات الإقراض الكبير، وهما الوكالة والائتمان.<br/><br/>وقد أوضحنا ذلك من خلال الرسالة على النحو التالي:<br/><br/>الباب الأول: المسؤولية القانونية للبنوك في مرحلة ما قبل إبرام العقد؛ وذلك من خلال فصلين، الفصل الأول : مرحلة الوعد بالتعاقد والاتفاق المبدئي الفصل الثاني: مرحلة إعداد عقد القرض المشترك.<br/><br/>الباب الثاني: المسؤولية القانونية للبنوك في مرحلة ما بعد إبرام العقد؛ وذلك من خلال فصلين، الفصل الأول: مسؤولية البنك الوكيل الفصل الثاني مسؤولية البنوك المشاركة. |
| 650 04 - SUBJECT ADDED ENTRY--TOPICAL TERM | |
| Topical term or geographic name entry element | القانون التجاري |
| 650 04 - SUBJECT ADDED ENTRY--TOPICAL TERM | |
| Topical term or geographic name entry element | القرض المشترك |
| 650 04 - SUBJECT ADDED ENTRY--TOPICAL TERM | |
| Topical term or geographic name entry element | الآليات التمويلية |
| 653 #0 - INDEX TERM--UNCONTROLLED | |
| Uncontrolled term | . |
| 655 #4 - INDEX TERM--GENRE/FORM | |
| Genre/form data or focus term | رسائل جامعية |
| Geographic subdivision | جامعة القاهرة |
| General subdivision | القانون التجاري |
| 700 0# - ADDED ENTRY--PERSONAL NAME | |
| Personal name | خليل فيكتور تادرس |
| Relator term | مشرف. |
| 710 2# - ADDED ENTRY--CORPORATE NAME | |
| Corporate name or jurisdiction name as entry element | جامعة القاهرة. |
| Subordinate unit | كلية الحقوق |
| 856 ## - ELECTRONIC LOCATION AND ACCESS | |
| Uniform Resource Identifier | <a href="https://fll.law.cu.edu.eg/fulltext/th/T05-02799.pdf">https://fll.law.cu.edu.eg/fulltext/th/T05-02799.pdf</a> |
| 900 ## - Thesis Information | |
| Grant date | 2025 |
| Universities | جامعة القاهرة |
| Faculties | كلية الحقوق |
| Department | قسم القانون التجاري |
| 905 ## - Cataloger and Reviser Names | |
| Cataloger Name: | Hoda |
| 942 ## - ADDED ENTRY ELEMENTS (KOHA) | |
| Source of classification or shelving scheme | Dewey Decimal Classification |
| Koha item type | Thesis |
| Edition | 21 |
| Suppress in OPAC | No |
| Source of classification or shelving scheme | Collection | Home library | Current library | Date acquired | Full call number | Barcode | Date last seen | Copy number | Effective from | Koha item type |
|---|---|---|---|---|---|---|---|---|---|---|
| Dewey Decimal Classification | القانون التجاري | جــــامعة القــاهرة | مكتبة كلية الحقوق - المبنى الرئيسي | 03.02.2026 | Law1 05 PHD 2025 0502799 C1 | T05-02799 | 03.02.2026 | 1 | 03.02.2026 | Thesis |
| Dewey Decimal Classification | القانون التجاري | جــــامعة القــاهرة | مكتبة كلية الحقوق - المبنى الرئيسي | 03.02.2026 | Law1 05 PHD 2025 0502800 C2 | T05-02800 | 03.02.2026 | 2 | 03.02.2026 | Thesis |
| Dewey Decimal Classification | القانون التجاري | جــــامعة القــاهرة | مكتبة كلية الحقوق - فـرع الشيخ زايد | 03.02.2026 | Law2 05 PHD 2025 0502801 C3 | T05-02801 | 03.02.2026 | 3 | 03.02.2026 | Thesis |